Former National Capitals #1 - Statistics

General Stats
  • This quiz has been taken 35 times
  • The average score is 7 of 14
Answer Stats
Country Capital City Years Served % Correct
'Alaouite Dynasty Fez 1727-1912
89%
'Alawi Dynasty Fez 1659-1672
89%
Marinid Dynasty Fez 1244-1554
89%
Idrisid dynasty Fez 808-927
89%
Ancient Egypt Memphis 3150 BC-2160 BC
78%
Sa'di Dynasty Marrakesh 1554-1659
74%
Almoravid Dynasty Marrakesh 1071-1244
74%
Ancient Egypt Thebes 2134 BC-1292 BC
63%
Morocco Meknes 1672-1727
22%
Egypt Fustat 905-969
15%
Rashidun Caliphate Fustat 641-750
15%
Egypt Al-Askar 750-868
11%
Egypt Al-Qata'i 868-905
11%
Idrisid dynasty Walili 789-808
11%
No matching quizzes found
Score Distribution
Percent of People with Each Score
Percentile by Number Answered
Your Score History
You have not taken this quiz